| 000 | 01506cam a2200277 4500 | ||
|---|---|---|---|
| 001 | ##L135455 | ||
| 008 | 061027n2006 000 0 eng u | ||
| 035 | _a(Sirsi) u135455 | ||
| 041 | 0 | _aeng | |
| 050 | 0 | 4 | _a338.47624 $2 18 |
| 100 | 1 | _aPillow, Michael | |
| 110 | 2 |
_aSavills _92020 |
|
| 245 | 0 | 0 |
_aPMI Report on commercial development activity _bOctober 2006 |
| 260 | 3 |
_aLondon _bSavills _cOctober 2006 |
|
| 490 | 0 |
_aSavills PMI Report on Commercial Development _vOctober 2006 |
|
| 505 | 1 | _aSeptember sees rebound in commercial property activity, led by private sector build -- Tables and graphs | |
| 520 | _aThe report contains the latest data from the Savills PMI survey of business conditions in the commercial property sector. The survey is based on monthly questionnaires completed by executives across the commercial property sector. Commercial construction companies indicated a marked expansion of both private and public sector activity. The latest increase in work on public sector projects was the sharpest for six months, but remained down on that recorded for private sector activity. | ||
| 590 | _aIKA 311006 | ||
| 650 | 2 | 4 | _aSAVILLS PMI REPORT ON COMMERCIAL DEVELOPMENT ACTIVITY |
| 650 | 2 | 4 | _aSAVILLS PMI REPORT ON COMMERCIAL DEVELOPMENT |
| 651 | 4 |
_aUnited Kingdom _y |
|
| 690 | _aPROPERTY-COMMERCIAL PROPERTY-COMMERCIAL PROPERTY MARKET | ||
| 700 | 1 | _aOakley, Mat | |
| 856 | 4 | 0 |
_uhttps://www.savills.co.uk _zView the item free of charge at www.savills.co.uk... |
| 942 | _n0 | ||
| 999 |
_c106070 _d106070 |
||